000 01171nam a22003377a 4500
003 CHAP
005 20220817044049.0
008 051121d2005 mx bd rl 00110 spa d
010 _a91356
011 _a92328
035 _a102892
040 _cCHAP
082 0 4 _a664.024
_bB3
100 0 0 _aBartra, Armando.
_910651
245 1 0 _aTransgénicos, quién los necesita?
_c/por Armando Bartra [y otros]
260 _aMéxico, D. F. :
_bGrupo Parlamentario del PRD,
_c2005
300 _a278 p. :
_bmapa ; cuadros ; tabla ; diagrama
590 _aBATCH-UPD
_b10
_c20130110
_lUCH01
_h1913
590 _aBATCH-UPD
_b10
_c20130410
_lUCH01
_h1240
590 _aBATCH-UPD
_b10
_c20130914
_lUCH01
_h0548
590 _aCONVERSION
_b10
_c20130109
_lUCH01
_h1351
650 1 4 _aAgricultura
_xMedidas de seguridad.
_91741
650 1 4 _aBiodiversidad.
_912724
650 1 4 _aPlantas transgénicas.
_989087
650 1 4 _aTransgénicos.
901 _aBK
905 _aMarco A. Mendoza T.
942 _cLIBRO
949 _a664.024 B3
_bBC
_cLIBRO
_d33724000967287
_eLIBRO
_gDonaciØn
_h107552
_i102892
_si
949 _a664.024 B3
_bBC
_cLIBRO
_d33724000967295
_eLIBRO
_fc.2
_gDonaciØn
_h107553
_i102892
_si
999 _c91356
_d91356